00474nam a2200145Ia 4500020001800000082002000018100002000038245006300058260004500121300001300166504003600179650005900215650002500274650002900299 a9780199468164 a331.40954 SRE-S aSreerekha, M.S. 0aState without honour: women workers in India's anganwadis aNew DelhibOxford University Pressc2017 axv, 295p aincludes bibliograpgy and index aHonorary citizenshipvHonorary officials and employees aWomen workerszIndia aAnganwadi workerszIndia